000 00712nam a2200217Ia 4500
008 191130s2010##################000#0#eng##
020 _a9781861975911
040 _aACL
_cACL
082 _a658.155 SHI
100 _aShirreff, David
245 _aDealing with financial risk
_cDavid Shirreff
260 _aLondon
_bEconomist Books
_c2010
300 _avii, 214 p. : ill. ; 23 cm.
500 _aAt head of title: The economist. Includes bibliographical references (p. 188-189) and index
650 _aBusiness enterprises - Finance
650 _aRisk management
650 _aRisk management - Case studies
990 _a32406fd1ac100b462076ef67bebcd077
991 _a450671
999 _c254483
_d254483